| 000 | 00966nam a2200229Ia 4500 | ||
|---|---|---|---|
| 001 | L267-21447 | ||
| 003 | IT-CnALBA | ||
| 008 | 170116s9999||||xx |||||||||||||| ||und|| | ||
| 040 |
_aIT-CnALBA _cIT-CnALBA |
||
| 041 | _aITALIANO | ||
| 100 | _aLERDA LUIGI | ||
| 245 | 0 | _aLE ACLI DI CUNEO. IL CAMMINO VERSO IL TERZO MILLENNIO, TESTIMONI DI SPERANZA. | |
| 250 | _a1a ed. | ||
| 260 |
_aALBA (CN) _bACLI DI CUNEO _c1991 [1° Ed.:1991 - Ed.Ling.Originale: 1991] |
||
| 300 | _a22 p. | ||
| 500 | _aXXIV CONGRESSO PROVINCIALE, 1991. PRESENZA DELLE ACLI DI CUNEO. GOVERNO DEL CAMBIAMENTO. COSTRUZIONE DEL FUTURO. PROGRAMMA. | ||
| 501 | _aSocietà San Paolo EM - Piazza San Paolo, 14 - 12051 ALBA (CN) (non commercial uses only) ® Copyright 2017 | ||
| 520 | _aXXIV CONGRESSO PROVINCIALE, 1991. PRESENZA DELLE ACLI DI CUNEO. GOVERNO DEL CAMBIAMENTO. COSTRUZIONE DEL FUTURO. PROGRAMMA. | ||
| 650 | _aASSOCIAZIONI RELIGIOSE | ||
| 942 | _cBK | ||
| 957 | _71 | ||
| 999 |
_a26186 _bNO _g Copie: 1 _c280548 _d280548 |
||